[Event "Lightning Chess For The Intermediate Player"]
[Site "SchemingMind.com"]
[Date "2013.03.29"]
[Round "-"]
[White "Scooter"]
[Black "private napoleon"]
[Result "0-1"]
[WhiteCountry "USA"]
[BlackCountry "ENG"]
[WhiteElo "1748"]
[WhiteRD "50"]
[BlackElo "1840"]
[BlackRD "61"]
[GameID "329372"]

1. d4 d5 2. Nf3 g6 3. Bf4 Bg7 4. e3 Nf6 5. Be2 O-O 6. O-O b6 7. Nbd2 Bb7 8. h3 Nbd7 9. c4 e6 10. cxd5 exd5
11. Qc2 c5 12. Rac1 c4 13. Ne5 b5 14. Nxd7 Qxd7 15. Nf3 a5 16. Ne5 Qe6 17. Bg4 Nxg4 18. Nxg4 b4 19. Rfe1 a4 20. Be5 b3
21. axb3 axb3 22. Qd2 Ra2 23. Bxg7 Kxg7 24. Ra1 Rfa8 25. Rxa2 bxa2 26. Ra1 Qa6 27. Ne5 Qa5 28. Qxa5 Rxa5 29. Nd7 Bc8 30. Nc5 Bf5
31. Kf1 Bb1 32. f3 Rb5 33. Na4 Rb4 34. Nc3 Rxb2 35. Nxd5 Bd3+
0-1

[Event "Lightning Chess For The Intermediate Player"]
[Site "SchemingMind.com"]
[Date "2013.03.29"]
[Round "-"]
[White "kenneth m day"]
[Black "private napoleon"]
[Result "1-0"]
[WhiteCountry "USA"]
[BlackCountry "ENG"]
[WhiteElo "1791"]
[WhiteRD "48"]
[BlackElo "1822"]
[BlackRD "62"]
[GameID "329373"]

1. e4 c5 2. d4 cxd4 3. c3 g6 4. Nf3 Bg7 5. cxd4 d6 6. Bc4 Nf6 7. Nc3 Nxe4 8. Nxe4 O-O 9. O-O Bg4 10. Qb3 Nd7
11. Nfg5 e6 12. Nxd6 h6 13. Nge4 b6 14. h3 Bf5 15. Nxf5 exf5 16. Nd6 Qe7 17. Nb5 Qf6 18. Bd2 a6 19. Nc7 Rac8 20. Nd5 Qd8
21. Bc3 b5 22. Bd3 Nf6 23. Nxf6+ Bxf6 24. d5 Bxc3 25. bxc3 Qd6 26. Be2 Rfd8 27. Bf3 Rc4 28. Rac1 Rdc8 29. Rfd1 Ra4 30. Qc2 Ra3
31. Rd3 Rc4 32. Qd2 Kg7 33. Rd4
1-0

[Event "Lightning Chess For The Intermediate Player"]
[Site "SchemingMind.com"]
[Date "2013.03.29"]
[Round "-"]
[White "ray winteringham"]
[Black "private napoleon"]
[Result "0-1"]
[WhiteCountry "ENG"]
[BlackCountry "ENG"]
[WhiteElo "1583"]
[WhiteRD "47"]
[BlackElo "1840"]
[BlackRD "61"]
[GameID "329374"]

1. e4 c5 2. Nc3 d6 3. f4 g6 4. b3 Bg7 5. Bb2 Nc6 6. Bc4 Nf6 7. Nf3 Nxe4 8. Rb1 Nxc3 9. Bxc3 Bxc3 10. dxc3 O-O
11. O-O Bf5 12. g3 Qc7 13. Ng5 h6 14. Nf3 Qa5 15. a4 Qxc3 16. Qc1 Nd4 17. Nxd4 Qxd4+ 18. Rf2 d5 19. Be2 Rae8 20. Qe1 e5
21. Rd1 Qe4 22. Qc3 Qxc2 23. Qxc2 Bxc2 24. Rxd5 Bxb3 25. Rxc5 Bxa4 26. fxe5 Bc6 27. Ra5 a6 28. Bc4 Bd7 29. Rd5 Be6 30. Rc5 Bxc4
31. Rxc4 Rxe5 32. Rc7 b5 33. Ra2 Re6 34. Ra7 Rb6 35. R7xa6 Rfb8 36. R6a3 b4 37. Rb3 Kg7 38. Kf2 f5 39. Kf3 Kf6 40. Re2 g5
41. Re1 h5 42. Kf2 Re6 43. Rxe6+ Kxe6 44. Ke3 Kd5 45. Kd3 f4 46. gxf4 gxf4 47. Kd2 Ke4 48. Ke2 Kd4 49. Kf3 Kc4 50. Rb1 b3
51. Kxf4 Kc3 52. Ke3 Kc2 53. Rf1 b2
0-1

[Event "Lightning Chess For The Intermediate Player"]
[Site "SchemingMind.com"]
[Date "2013.03.31"]
[Round "-"]
[White "kubinet"]
[Black "emvarela"]
[Result "0-1"]
[WhiteCountry "GER"]
[BlackCountry "ARG"]
[WhiteElo "1305"]
[WhiteRD "57"]
[BlackElo "1761"]
[BlackRD "48"]
[GameID "329486"]

1. e4 e5 2. Nf3 Nc6 3. Bb5 f5 4. Nc3 fxe4 5. Nxe4 Nf6 6. Qe2 d5 7. Nxf6+ gxf6 8. Nh4 Be6 9. d3 Qd6 10. Bd2 O-O-O
11. O-O-O Nd4 12. Qe3 Nxb5 13. Kb1 d4 14. Qf3 Qd5 15. Qxd5 Rxd5 16. Rhe1 c5 17. h3 Nd6 18. f4 Bd7 19. fxe5 Rxe5 20. Nf3 Rxe1
21. Rxe1 Kd8 22. Bf4 Nf7
0-1

[Event "Lightning Chess For The Intermediate Player"]
[Site "SchemingMind.com"]
[Date "2013.04.02"]
[Round "-"]
[White "kubinet"]
[Black "Scooter"]
[Result "0-1"]
[WhiteCountry "GER"]
[BlackCountry "USA"]
[WhiteElo "1334"]
[WhiteRD "51"]
[BlackElo "1748"]
[BlackRD "50"]
[GameID "329487"]

1. e4 c6 2. d4 d5 3. e5 Bf5 4. Nf3 e6 5. Be2 Nd7 6. O-O c5 7. c3 cxd4 8. cxd4 Bb4 9. a3 Ba5 10. b4 Bc7
11. Nc3 Ne7 12. Be3 O-O 13. Rc1 a6 14. Nh4 b5 15. Bd3 Bxd3 16. Qxd3 Nb6 17. Rce1 Nc4
0-1

[Event "Lightning Chess For The Intermediate Player"]
[Site "SchemingMind.com"]
[Date "2013.03.31"]
[Round "-"]
[White "kubinet"]
[Black "private napoleon"]
[Result "0-1"]
[WhiteCountry "GER"]
[BlackCountry "ENG"]
[WhiteElo "1319"]
[WhiteRD "55"]
[BlackElo "1822"]
[BlackRD "62"]
[GameID "329488"]

1. e4 c5 2. Nf3 d6 3. d4 cxd4 4. Nxd4 Nf6 5. Nc3 g6 6. Bc4 Bg7 7. f3 O-O 8. Be3 Nc6 9. Qd2 Re8 10. O-O-O Bd7
11. g4 Rc8 12. Bb3 Ne5 13. Rdf1 Nc4 14. Bxc4 Rxc4 15. h4 Qa5 16. Nb3 Qa6 17. h5 Rec8 18. Kb1 b5 19. a3 Rxc3 20. bxc3 Qxa3
21. hxg6 Rxc3 22. Qxc3 Nxe4 23. Qxg7+ Kxg7 24. fxe4 hxg6 25. Bd4+ e5 26. Bb2 Qa4
0-1

[Event "Lightning Chess For The Intermediate Player"]
[Site "SchemingMind.com"]
[Date "2013.04.01"]
[Round "-"]
[White "emvarela"]
[Black "kubinet"]
[Result "1-0"]
[WhiteCountry "ARG"]
[BlackCountry "GER"]
[WhiteElo "1765"]
[WhiteRD "48"]
[BlackElo "1319"]
[BlackRD "55"]
[GameID "329493"]

1. e4 c5 2. Nf3 d6 3. d4 cxd4 4. Nxd4 Nf6 5. Nc3 a6 6. Bg5 e6 7. f4 Be7 8. Qf3 O-O 9. O-O-O Qc7 10. g4 h6
11. Bxf6 Bxf6 12. h4
1-0

[Event "Lightning Chess For The Intermediate Player"]
[Site "SchemingMind.com"]
[Date "2013.03.30"]
[Round "-"]
[White "Scooter"]
[Black "kubinet"]
[Result "1-0"]
[WhiteCountry "USA"]
[BlackCountry "GER"]
[WhiteElo "1748"]
[WhiteRD "50"]
[BlackElo "1334"]
[BlackRD "51"]
[GameID "329494"]

1. d4 Nf6 2. Nf3 d5 3. Bf4 e6 4. e3 c5 5. c3 Nc6 6. Bb5 h6 7. O-O Bd7 8. Nbd2 Be7 9. Bxc6 Bxc6 10. Ne5 cxd4
11. cxd4 Bb5 12. Re1 O-O 13. a4 Ba6 14. Qf3 Nd7 15. Rec1 Rc8 16. Qg3 Kh7 17. Ndf3 Be2 18. Nxd7 Qxd7 19. Ne5
1-0

[Event "Lightning Chess For The Intermediate Player"]
[Site "SchemingMind.com"]
[Date "2013.04.01"]
[Round "-"]
[White "private napoleon"]
[Black "kubinet"]
[Result "1-0"]
[WhiteCountry "ENG"]
[BlackCountry "GER"]
[WhiteElo "1840"]
[WhiteRD "61"]
[BlackElo "1334"]
[BlackRD "51"]
[GameID "329495"]

1. b3 e5 2. Bb2 d5 3. e3 Nf6 4. Bxe5 Bd6 5. Bb2 O-O 6. Nf3 Bg4 7. d4 Nbd7 8. Nbd2 Re8 9. Bd3 c6 10. O-O Qc7
11. Re1 Bxh2+ 12. Kf1 Ne4 13. c4 Nxd2+ 14. Qxd2
1-0

[Event "Lightning Chess For The Intermediate Player"]
[Site "SchemingMind.com"]
[Date "2013.04.01"]
[Round "-"]
[White "kenneth m day"]
[Black "kubinet"]
[Result "1-0"]
[WhiteCountry "USA"]
[BlackCountry "GER"]
[WhiteElo "1720"]
[WhiteRD "53"]
[BlackElo "1334"]
[BlackRD "51"]
[GameID "329496"]

1. e4 d5 2. exd5 Nf6 3. d4 Nxd5 4. c4 Nb6 5. Nc3 e5 6. d5 Bb4 7. Bd3 O-O 8. Qh5 f5 9. Bd2 Qe8 10. Qxe8 Rxe8
11. Nh3 Na6 12. O-O Nc5 13. Be2 Bd7 14. Rad1 h6 15. a3 Bxc3 16. Bxc3 Ne4 17. Bb4 a5 18. Be1 Ba4 19. Rc1
1-0

[Event "Lightning Chess For The Intermediate Player"]
[Site "SchemingMind.com"]
[Date "2013.03.30"]
[Round "-"]
[White "ray winteringham"]
[Black "kubinet"]
[Result "1-0"]
[WhiteCountry "ENG"]
[BlackCountry "GER"]
[WhiteElo "1583"]
[WhiteRD "47"]
[BlackElo "1334"]
[BlackRD "51"]
[GameID "329497"]

1. e4 c5 2. Nc3 Nc6 3. Bc4 e6 4. Nf3 a6 5. Ne2 b5 6. b3 bxc4 7. Bb2 cxb3 8. axb3 Be7 9. Bxg7 Bf6 10. Bxh8 Bxh8
11. Rb1 Nf6 12. O-O Bb7 13. d3 Ng8 14. c3 Nge7 15. Qc1 Ng8 16. Ng5 h6 17. Nh7 Qe7 18. f4 f5 19. e5 Qxh7 20. d4 cxd4
21. c4 Qe7 22. Rd1 Qc5 23. Rd3 Bg7 24. Kh1 Nge7 25. Qb2
1-0

[Event "Lightning Chess For The Intermediate Player"]
[Site "SchemingMind.com"]
[Date "2013.04.02"]
[Round "-"]
[White "simpet"]
[Black "mmccaffe"]
[Result "1-0"]
[WhiteCountry "ENG"]
[BlackCountry "USA"]
[WhiteElo "1635"]
[WhiteRD "57"]
[BlackElo "1515"]
[BlackRD "63"]
[GameID "329609"]

1. e4 e5 2. Nf3 Nc6 3. Bc4 Bc5 4. O-O Nf6 5. Ng5 O-O 6. d3 h6 7. Nf3 d6 8. Nc3 Na5 9. Bb3 Nxb3 10. axb3 Be6
11. Na4 Bb6 12. Kh1 Nd7 13. Ng1 f5 14. Nxb6 axb6 15. Bd2 Rxa1 16. Qxa1 Qa8 17. c4 Qa6 18. Qd1 Qa2 19. Bc3 fxe4 20. dxe4 Nc5
21. Ne2 Nxe4 22. Nc1 Nxf2+ 23. Rxf2 Qa8 24. Rxf8+ Qxf8 25. h3
1-0

[Event "Lightning Chess For The Intermediate Player"]
[Site "SchemingMind.com"]
[Date "2013.04.01"]
[Round "-"]
[White "simpet"]
[Black "Norsland"]
[Result "0-1"]
[WhiteCountry "ENG"]
[BlackCountry "USA"]
[WhiteElo "1635"]
[WhiteRD "57"]
[BlackElo "1986"]
[BlackRD "93"]
[GameID "329610"]

1. e4 c5 2. Bc4 e6 3. c3 d5 4. exd5 exd5 5. Bb5+ Bd7 6. Bxd7+ Qxd7 7. Qf3 Nc6 8. Ne2 Nf6 9. O-O Be7 10. d4 O-O
11. Be3 cxd4 12. Nxd4 Ne5 13. Qg3 Bd6 14. f3 Neg4 15. Bf4 Ne3 16. Bxd6 Nxf1 17. Kxf1 Nh5 18. Qg5 Qxd6 19. Qxh5 Rae8 20. Qg4 Qxh2
0-1

[Event "Lightning Chess For The Intermediate Player"]
[Site "SchemingMind.com"]
[Date "2013.04.06"]
[Round "-"]
[White "simpet"]
[Black "emvarela"]
[Result "0-1"]
[WhiteCountry "ENG"]
[BlackCountry "ARG"]
[WhiteElo "1688"]
[WhiteRD "56"]
[BlackElo "1761"]
[BlackRD "48"]
[GameID "329611"]

1. e4 e5 2. Nf3 Nc6 3. Bc4 Bc5 4. d3 Nf6 5. Ng5 O-O 6. Nc3 d6 7. Nd5 Nxd5 8. Bxd5 h6 9. h4 Qf6 10. Nf3 Bg4
11. Be3 Bxe3 12. fxe3 Bxf3 13. Qxf3 Qxf3 14. gxf3 Ne7 15. Bb3 c6 16. O-O-O d5 17. Rdg1 dxe4 18. fxe4 g6 19. d4 Kg7 20. Rh2 exd4
21. exd4 Rad8 22. c3 f5 23. Bc2 fxe4 24. Bxe4 Rd6 25. h5 g5 26. Rd1 Nd5 27. Bxd5 Rxd5 28. Re1 Rdf5 29. Re7+ R8f7 30. Rxf7+ Kxf7
31. Kd2 Kf6 32. Ke3 g4 33. c4 Kg5 34. Ke4 Rf4+ 35. Ke5 g3 36. Rg2 Kg4 37. b3 Rf2 38. Rg1 g2 39. d5 Kg3 40. d6 Kh2
41. Rxg2+ Kxg2 42. d7 Rd2 43. Ke6 Kg3 44. Ke7 Kg4 45. d8=Q Rxd8 46. Kxd8 Kxh5 47. Kc7 Kg4 48. Kxb7 h5 49. Kxa7 h4 50. b4 h3
51. b5 cxb5 52. cxb5 h2 53. b6 h1=Q 54. a4 Qh7+ 55. b7 Qc7 56. a5 Qxa5+ 57. Kb8 Kf5 58. Kc8 Qc5+ 59. Kd7 Qb6 60. Kc8 Qc6+
0-1

[Event "Lightning Chess For The Intermediate Player"]
[Site "SchemingMind.com"]
[Date "2013.04.02"]
[Round "-"]
[White "simpet"]
[Black "Scooter"]
[Result "1/2-1/2"]
[WhiteCountry "ENG"]
[BlackCountry "USA"]
[WhiteElo "1612"]
[WhiteRD "56"]
[BlackElo "1732"]
[BlackRD "48"]
[GameID "329612"]

1. e4 c6 2. d4 d5 3. Nc3 dxe4 4. Nxe4 Bf5 5. Ng3 Bg6 6. Nf3 Nd7 7. Bc4 Ngf6 8. O-O Qc7 9. c3 O-O-O 10. b4 e6
11. a4 Ne4 12. Nxe4 Bxe4 13. Be3 Nb6 14. Be2 Bxf3 15. Bxf3 Nd5 16. b5 c5 17. Qd3 Nxe3 18. Qxe3 cxd4 19. cxd4 Kb8 20. Qe4 Bd6
21. a5 Bxh2+ 22. Kh1 Bd6 23. Rfc1 Qd7 24. a6 Rc8 25. b6 Rxc1+ 26. Rxc1 axb6 27. axb7 Qa4 28. Bd1 Qa6 29. Bf3 g6 30. Qe1 Qa5
31. g3 Qxe1+ 32. Rxe1 h5 33. Ra1 Rd8 34. Kg1 e5 35. Rd1 exd4 36. Rxd4 Be7 37. Re4 Bd6 38. Ra4 b5 39. Ra8+ Kc7 40. Rxd8 Kxd8
41. Bd5 Ke7 42. Kg2 b4 43. Kh3 g5 44. f3 f6 45. Bb3 Kd7 46. f4 gxf4 47. gxf4 Bxf4 48. Kh4 Kc7 49. Bd5 b3 50. Bxb3 Kxb7
51. Kxh5 Kc6=
1/2-1/2

[Event "Lightning Chess For The Intermediate Player"]
[Site "SchemingMind.com"]
[Date "2013.04.02"]
[Round "-"]
[White "simpet"]
[Black "private napoleon"]
[Result "1-0"]
[WhiteCountry "ENG"]
[BlackCountry "ENG"]
[WhiteElo "1635"]
[WhiteRD "57"]
[BlackElo "1840"]
[BlackRD "61"]
[GameID "329613"]

1. e4 c5 2. Nf3 d6 3. d4 cxd4 4. Nxd4 Nf6 5. Bc4 g6 6. Nc3 Bg7 7. O-O O-O 8. f4 Nc6 9. Nxc6 bxc6 10. e5 dxe5
11. Qxd8 Rxd8 12. fxe5 Nd5 13. Bf4 e6 14. Rad1 Bb7 15. Nxd5 cxd5 16. Bb3 Rdc8 17. Rf3 a5 18. a4 Ba6 19. Rc1 Rab8 20. h3 Bc4
21. Bxc4 Rxc4 22. b3 Rxf4 23. Rxf4 Bxe5 24. Rf3 Rc8 25. c4 d4 26. c5 Rc6 27. Kf1 Bb8 28. Rc4 e5 29. g4 Ba7 30. g5 Rxc5
31. Rxc5 Bxc5 32. Rf6 e4 33. Rc6 Bb4 34. Rb6 Bd2 35. h4 e3 36. Ke2 Kf8 37. Rd6 Bc3 38. Rc6 Ke7 39. Rxc3 dxc3 40. Kxe3 Kd6
41. Kd3 Kd5 42. Kxc3 Kc5 43. b4+ axb4+ 44. Kb3 Kb6 45. Kxb4 Ka6 46. a5 Kb7 47. Kb5 Ka7 48. a6 Kb8 49. Kb6 Ka8 50. a7
1-0

[Event "Lightning Chess For The Intermediate Player"]
[Site "SchemingMind.com"]
[Date "2013.04.01"]
[Round "-"]
[White "simpet"]
[Black "kenneth m day"]
[Result "0-1"]
[WhiteCountry "ENG"]
[BlackCountry "USA"]
[WhiteElo "1635"]
[WhiteRD "57"]
[BlackElo "1720"]
[BlackRD "53"]
[GameID "329614"]

1. e4 c6 2. Nc3 d5 3. d4 dxe4 4. Nxe4 Bf5 5. Ng3 Bg6 6. Nf3 Nd7 7. Bc4 Ngf6 8. O-O e6 9. Re1 Be7 10. c3 h6
11. Bd3 Bxd3 12. Qxd3 O-O 13. Bf4 Nd5 14. Bd2 N7f6 15. Bxh6 gxh6 16. Re5 Kh8 17. Ne2 Rg8 18. Re1 Nf4 19. Nxf4 Ng4 20. Rh5 Bf8
21. Qe2 Nf6 22. Rh3 Ng4 23. Nh4 Qg5 24. g3 Nf6 25. Nf3 Qxf4 26. Rh4 Qf5 27. Ne5 Nh7 28. Rh5 Qf6 29. Nd7 Qf4 30. Nxf8 Raxf8
31. Kh1 Qf6 32. Qd2 Rg5 33. Re5 Qf3+
0-1

[Event "Lightning Chess For The Intermediate Player"]
[Site "SchemingMind.com"]
[Date "2013.04.01"]
[Round "-"]
[White "simpet"]
[Black "ray winteringham"]
[Result "1-0"]
[WhiteCountry "ENG"]
[BlackCountry "ENG"]
[WhiteElo "1612"]
[WhiteRD "56"]
[BlackElo "1514"]
[BlackRD "50"]
[GameID "329615"]

1. e4 e5 2. Nf3 Nc6 3. Bc4 d6 4. Nc3 Be6 5. Bxe6 fxe6 6. d3 h6 7. O-O Nf6 8. Nh4 Ne7 9. Be3 g5 10. Nf3 Bg7
11. Nb5 b6 12. c4 O-O 13. Ne1 c5 14. Nc3 Qc7 15. Ne2 Rfb8 16. Ng3 Ng6 17. Kh1 a6 18. Nh5 Kf7 19. Nxf6 Bxf6 20. Qh5 Rh8
21. g3 Kg7 22. Ng2 Qf7 23. Rab1 Ne7 24. Qxf7+ Kxf7 25. a3 b5 26. b3 Nc6 27. Rbc1 b4 28. axb4 Nxb4 29. Bd2 Nxd3 30. Rc2 Rhb8
31. Rc3 Nb4 32. h4 Rh8 33. Rf3 a5 34. Ne1 Ke7 35. hxg5 hxg5+ 36. Kg2 Rh7 37. Rh1 Rah8 38. Rxh7+ Rxh7 39. g4 Nc6 40. Nc2 Rh8
41. Rh3 Rxh3 42. Kxh3 Kd7 43. Bc3 Bd8 44. Kg3 Ne7 45. Na3 Ng6 46. Bd2 Nf4 47. Bxf4 exf4+ 48. Kg2 Kc6= 49. f3 Bb6 50. Nb5 d5
51. exd5+ exd5 52. Kf2 dxc4 53. bxc4 a4 54. Ke2 Ba5 55. Kd1 Bb4 56. Kc2 a3 57. Kb3 Kb6 58. Nxa3 Bxa3= 59. Kxa3 Kc6 60. Ka4 Kd6
61. Kb5 Kd7 62. Kxc5 Kc7 63. Kd5 Kd7 64. Ke5 Kc6 65. Kf5 Kc5 66. Kxg5 Kxc4 67. Kxf4
1-0

[Event "Lightning Chess For The Intermediate Player"]
[Site "SchemingMind.com"]
[Date "2013.04.01"]
[Round "-"]
[White "simpet"]
[Black "kubinet"]
[Result "1-0"]
[WhiteCountry "ENG"]
[BlackCountry "GER"]
[WhiteElo "1635"]
[WhiteRD "57"]
[BlackElo "1334"]
[BlackRD "51"]
[GameID "329616"]

1. e4 d5 2. exd5 Nf6 3. c4 c6 4. d4 cxd5 5. c5 Nc6 6. Nf3 Bg4 7. Be2 Ne4 8. O-O e6 9. a3 Be7 10. h3 Bh5
11. Be3 O-O 12. Nbd2 Bg6 13. Rc1 Nf6 14. Nh4 Rc8 15. Nxg6 hxg6 16. Qc2 b6 17. b4 bxc5 18. dxc5 d4 19. Bf4 e5 20. Bh2 Nd5
21. Bg4 Rb8 22. Bf3 Bf6 23. Qc4
1-0

[Event "Lightning Chess For The Intermediate Player"]
[Site "SchemingMind.com"]
[Date "2013.04.02"]
[Round "-"]
[White "mmccaffe"]
[Black "simpet"]
[Result "0-1"]
[WhiteCountry "USA"]
[BlackCountry "ENG"]
[WhiteElo "1515"]
[WhiteRD "63"]
[BlackElo "1635"]
[BlackRD "57"]
[GameID "329617"]

1. e4 e5 2. Nf3 Nc6 3. Bb5 f6 4. O-O Bc5 5. d3 Nge7 6. Nc3 a6 7. Ba4 d6 8. a3 Be6 9. b4 Ba7 10. Bb2 O-O
11. Ne2 b5 12. Bb3 Bxb3 13. cxb3 f5 14. exf5 Rxf5 15. Ng3 Rf7 16. Ng5 Rf6
0-1

[Event "Lightning Chess For The Intermediate Player"]
[Site "SchemingMind.com"]
[Date "2013.04.02"]
[Round "-"]
[White "Norsland"]
[Black "simpet"]
[Result "0-1"]
[WhiteCountry "USA"]
[BlackCountry "ENG"]
[WhiteElo "1761"]
[WhiteRD "71"]
[BlackElo "1699"]
[BlackRD "54"]
[GameID "329618"]

1. Nc3 e5 2. Nf3 Nc6 3. d4 exd4 4. Nxd4 Bc5 5. Nb3 Nf6 6. Nxc5 O-O 7. Bg5 d6 8. N5e4 Bf5 9. Bxf6 gxf6 10. Ng3 Bg6
11. a3 Ne5 12. e3 a6 13. Be2 c6 14. h4 h6 15. h5 Bh7 16. f4 Nd7 17. Qxd6 Bxc2 18. Rc1 Bh7 19. Bg4 Nb6 20. Qxd8 Rfxd8
21. Ke2 Nc4 22. Nf5 Bxf5 23. Bxf5 Rd2+ 24. Kf3 Rxb2 25. Na4 Nd2+ 26. Kg3 Ra2 27. Ra1 Rxa1 28. Rxa1 Re8
0-1

[Event "Lightning Chess For The Intermediate Player"]
[Site "SchemingMind.com"]
[Date "2013.04.06"]
[Round "-"]
[White "emvarela"]
[Black "simpet"]
[Result "1-0"]
[WhiteCountry "ARG"]
[BlackCountry "ENG"]
[WhiteElo "1779"]
[WhiteRD "51"]
[BlackElo "1635"]
[BlackRD "57"]
[GameID "329619"]

1. e4 e5 2. Nf3 Nc6 3. Bb5 Qf6 4. Nc3 Bd6 5. Bxc6 bxc6 6. d3 h6 7. O-O Ne7 8. Be3 O-O 9. d4 Rb8 10. dxe5 Bxe5
11. Nxe5 Qxe5 12. Bd4 Qg5 13. f4 Qg6 14. Rf3 Rxb2 15. Rg3 d6 16. Rxg6 fxg6 17. Rb1
1-0

[Event "Lightning Chess For The Intermediate Player"]
[Site "SchemingMind.com"]
[Date "2013.04.02"]
[Round "-"]
[White "Scooter"]
[Black "simpet"]
[Result "1-0"]
[WhiteCountry "USA"]
[BlackCountry "ENG"]
[WhiteElo "1732"]
[WhiteRD "48"]
[BlackElo "1612"]
[BlackRD "56"]
[GameID "329620"]

1. d4 e6 2. Nf3 b6 3. Bf4 Ba6 4. Nbd2 d5 5. e3 Bxf1 6. Nxf1 Nf6 7. N1d2 Bd6 8. Bxd6 Qxd6 9. c3 c5 10. O-O Nbd7
11. Re1 Ng4 12. h3 h5 13. hxg4 hxg4 14. Ne5 Nxe5 15. dxe5 Qxe5 16. g3 Qh5 17. Kf1 Rd8 18. Qa4+ Rd7 19. Qc6 Qf5 20. Qa8+ Rd8
21. Qxa7 Rh2 22. Qa4+ Ke7 23. Qf4 Qd3+ 24. Kg1 Rdh8 25. Qc7+ Kf6 26. Qf4+ Qf5 27. Qxf5+ exf5 28. Kf1 d4 29. cxd4 cxd4 30. exd4 Rh1+
31. Ke2 R1h2 32. Nf1 Rg2 33. Ne3 Rgh2 34. d5 R8h3 35. d6 Rxg3 36. Nf1
1-0

[Event "Lightning Chess For The Intermediate Player"]
[Site "SchemingMind.com"]
[Date "2013.04.01"]
[Round "-"]
[White "private napoleon"]
[Black "simpet"]
[Result "1-0"]
[WhiteCountry "ENG"]
[BlackCountry "ENG"]
[WhiteElo "1840"]
[WhiteRD "61"]
[BlackElo "1635"]
[BlackRD "57"]
[GameID "329621"]

1. d4 d5 2. Nf3 Bf5 3. Nc3 Nf6 4. Bf4 a6 5. h3 e6 6. e3 Bb4 7. Nd2 Nc6 8. Be2 Bxc3 9. bxc3 b5 10. a3 Nb8
11. Nb3 c6 12. O-O Ne4 13. Qe1 Nd7 14. Bd3 O-O 15. f3 Ng5 16. Bxf5 exf5 17. Qe2 Nb6 18. Rfe1 Na4 19. Qd3 Qd7 20. Bxg5 f6
21. Bh4 Rae8 22. Re2 Rf7 23. Rae1 Rfe7 24. e4 fxe4 25. fxe4 Rxe4 26. Rxe4 Rxe4 27. Rxe4 dxe4 28. Qxe4 Nxc3 29. Nc5 Qc8 30. Qe7 Nd5
31. Qe6+ Qxe6 32. Nxe6 a5 33. Be1 a4 34. Nd8 Ne3 35. Nxc6 Nxc2 36. Bb4 Kf7 37. Bc5 Ke6 38. Kf2 Kd5 39. Nb4+ Nxb4 40. Bxb4 Kxd4
41. Kf3 g6 42. Kf4 h5 43. Be7 f5 44. Kg5 Kd5 45. Kxg6
1-0

[Event "Lightning Chess For The Intermediate Player"]
[Site "SchemingMind.com"]
[Date "2013.04.01"]
[Round "-"]
[White "kenneth m day"]
[Black "simpet"]
[Result "0-1"]
[WhiteCountry "USA"]
[BlackCountry "ENG"]
[WhiteElo "1752"]
[WhiteRD "52"]
[BlackElo "1612"]
[BlackRD "56"]
[GameID "329622"]

1. e4 e5 2. Nf3 Nc6 3. d4 d5 4. exd5 Qxd5 5. c4 Qe4+ 6. Be2 Bg4 7. O-O O-O-O 8. Nc3 Qg6 9. Bd3 Qh5 10. d5 Nd4
11. Be4 Nf6 12. Re1 Nxe4 13. Nxe4 Bxf3 14. Qa4 Ne2+ 15. Rxe2 Bxe2 16. Qxa7 Bd3 17. Qa8+ Kd7 18. Nc5+ Bxc5
0-1

[Event "Lightning Chess For The Intermediate Player"]
[Site "SchemingMind.com"]
[Date "2013.04.01"]
[Round "-"]
[White "ray winteringham"]
[Black "simpet"]
[Result "0-1"]
[WhiteCountry "ENG"]
[BlackCountry "ENG"]
[WhiteElo "1514"]
[WhiteRD "50"]
[BlackElo "1612"]
[BlackRD "56"]
[GameID "329623"]

1. e4 e5 2. Nf3 Nc6 3. Bc4 Nf6 4. Nc3 Bc5 5. O-O Ng4 6. h3 h5 7. d3 d6 8. Bg5 f6 9. Bh4 g5 10. hxg4 hxg4
11. Bxg5 fxg5 12. Nh2 Qe7 13. Nd5 Qg7 14. Nxg4 Bxg4 15. Qxg4 Nd4 16. Ne3 Rh4 17. Qg3 Ne2#
0-1

[Event "Lightning Chess For The Intermediate Player"]
[Site "SchemingMind.com"]
[Date "2013.04.01"]
[Round "-"]
[White "kubinet"]
[Black "simpet"]
[Result "0-1"]
[WhiteCountry "GER"]
[BlackCountry "ENG"]
[WhiteElo "1334"]
[WhiteRD "51"]
[BlackElo "1635"]
[BlackRD "57"]
[GameID "329624"]

1. e4 e5 2. Nf3 Nc6 3. Bb5 Bc5 4. c3 Nge7 5. O-O a6 6. Ba4 O-O 7. d4 exd4 8. cxd4 Ba7 9. Bg5 d6 10. h3 Qd7
11. d5 b5 12. dxc6 Nxc6 13. Bc2 Re8 14. a3 Bb7 15. Nc3 f6 16. Bf4 Nd8 17. Re1 Nf7 18. Bb3 Kh8 19. Qd2 Re7 20. Rac1 Rae8
21. Qd3 c5 22. Bd5 Ne5
0-1